[Event "Chess Classic ELO Open 2013"]
[Site "Baden-Baden GER"]
[Date "2013.02.14"]
[Round "8.5"]
[White "Tereick, Benjamin"]
[Black "Schut, Lisa"]
[Result "1-0"]
[WhiteTitle "IM"]
[BlackTitle "WIM"]
[WhiteElo "2382"]
[BlackElo "2283"]
[WhiteFideId "24607541"]
[BlackFideId "1019481"]
[EventDate "2013.02.07"]

1. Nf3 Nf6 2. g3 g6 3. b3 d5 4. Bb2 c5 5. c4 d4 6. b4 Bg7 7. d3 O-O 8. Nbd2 Nfd7
9. Nb3 e5 10. bxc5 Na6 11. Bg2 Ndxc5 12. O-O Re8 13. Nxc5 Nxc5 14. Ba3 Qa5 15.
Bxc5 Qxc5 16. Rb1 Qc7 17. Nd2 Re7 18. Qa4 a6 19. Rb2 Ra7 20. Rfb1 Bd7 21. Qa3
Bc8 22. Rb6 Re6 23. Qb2 Bf8 24. Rxe6 fxe6 25. Ne4 Be7 26. c5 Bd7 27. Qb6 Qxb6
28. cxb6 Ra8 29. Nd2 Rb8 30. Nc4 Bb5 31. Na5 Kf8 32. Nxb7 Ke8 33. Na5 Bd8 34.
Nc6 Bxc6 35. Bxc6+ Ke7 36. b7 Kd6 37. Be4 Ba5 38. h4 Kc7 39. Kg2 Bc3 40. h5 gxh5
41. Rh1 h6 42. Rxh5 Bd2 43. Rxe5 Kd6 44. Rh5 Rf8 45. f4 1-0

[Event "Chess Classic ELO Open 2013"]
[Site "Baden-Baden GER"]
[Date "2013.02.14"]
[Round "8.6"]
[White "Tolhuizen, Ludo"]
[Black "Vogel, Jaap"]
[Result "1/2-1/2"]
[BlackTitle "FM"]
[WhiteElo "2154"]
[BlackElo "2190"]
[WhiteFideId "1000802"]
[BlackFideId "1000764"]
[EventDate "2013.02.07"]

1. d4 Nf6 2. Nf3 d5 3. Bf4 c5 4. e3 Nc6 5. c3 g6 6. Nbd2 Bg7 7. Bd3 O-O 8. O-O
Nh5 9. Bg5 h6 10. Bh4 b6 11. Re1 1/2-1/2

[Event "Chess Classic ELO Open 2013"]
[Site "Baden-Baden GER"]
[Date "2013.02.14"]
[Round "8.12"]
[White "Partenheimer, Axel"]
[Black "Schmid, Wolfgang"]
[Result "1/2-1/2"]
[BlackTitle "FM"]
[WhiteElo "2188"]
[BlackElo "2209"]
[WhiteFideId "4646703"]
[BlackFideId "4608046"]
[EventDate "2013.02.07"]

1. Nf3 d6 2. d4 Bg4 3. c4 Bxf3 4. exf3 c6 5. Nc3 Nd7 6. g3 Ngf6 7. Bg2 g6 8. O-O
Bg7 9. d5 cxd5 10. cxd5 O-O 11. Re1 Re8 12. Be3 a6 13. Qd2 b5 14. f4 Rc8 15. Ne2
Nb6 16. Qd3 Na4 17. Bd4 Qd7 18. Rac1 Rxc1 19. Rxc1 Rc8 20. Rxc8+ Qxc8 21. b3 Nc5
22. Qc2 Qf5 23. Qxf5 gxf5 24. Kf1 Nd3 25. Bh3 e6 1/2-1/2

[Event "Chess Classic ELO Open 2013"]
[Site "Baden-Baden GER"]
[Date "2013.02.14"]
[Round "8.13"]
[White "Fichter, Fabian"]
[Black "Berndt, Matthias"]
[Result "1/2-1/2"]
[WhiteElo "2071"]
[BlackElo "2136"]
[WhiteFideId "24613258"]
[BlackFideId "4622839"]
[EventDate "2013.02.07"]

1. e4 e6 2. b3 d5 3. Bb2 dxe4 4. Nc3 Nf6 5. Qe2 Be7 6. Nxe4 c5 7. Nf3 Nbd7 8.
O-O-O Qc7 9. Kb1 b6 10. d4 Bb7 11. Nxf6+ gxf6 12. Qe3 h5 13. Bb5 O-O-O 14. d5
Nf8 15. dxe6 fxe6 16. Bc4 Bd5 17. Bxd5 Rxd5 18. Rxd5 exd5 19. Re1 Bd8 20. Qe8 d4
21. c3 Qd7 22. Qe4 dxc3 23. Qa8+ Kc7 24. Bxc3 Ne6 25. Kc2 Re8 26. Rd1 Qc6 27.
Qxc6+ Kxc6 28. g3 Ng5 29. Nxg5 fxg5 30. Re1 Rf8 31. Re2 g4 32. Be1 Rf5 33. Re8
Kd7 34. Re4 Bf6 35. Kd3 Bd4 36. Ke2 Rf8 37. Rf4 Rxf4 38. gxf4 Ke6 39. Bd2 Kf5
40. Be3 Bg7 41. f3 Bh6 42. b4 cxb4 43. Bxb6 Bxf4 44. fxg4+ hxg4 45. Bc5 Bxh2 1/2-1/2

[Event "Chess Classic ELO Open 2013"]
[Site "Baden-Baden GER"]
[Date "2013.02.14"]
[Round "8.14"]
[White "Ehmann, Thilo"]
[Black "Ditmas, Hugh"]
[Result "1-0"]
[WhiteElo "1861"]
[BlackElo "1996"]
[WhiteFideId "12940968"]
[BlackFideId "1270666"]
[EventDate "2013.02.07"]

1. e4 c5 2. Nf3 Nc6 3. d4 cxd4 4. Nxd4 Nf6 5. Nc3 e5 6. Ndb5 d6 7. Bg5 a6 8. Na3
b5 9. Nd5 Be7 10. Bxf6 Bxf6 11. Be2 Bg5 12. O-O O-O 13. c4 b4 14. Nc2 Rb8 15.
Nce3 Bxe3 16. Nxe3 Nd4 17. Nc2 Nxc2 18. Qxc2 Qb6 19. Rfd1 f5 20. exf5 Bxf5 21.
Bd3 e4 22. c5 dxc5 23. Bxe4 Bxe4 24. Qxe4 Kh8 25. Rd2 Rbe8 26. Qg4 Qe6 27. Qxe6
Rxe6 28. b3 Rc6 29. Rc1 Kg8 30. Rc4 Rfc8 31. f3 R8c7 32. Kf2 Kf7 33. Rf4+ Ke7
34. Re4+ Re6 35. Rc4 Rd6 36. Rdc2 Rd5 37. Rxb4 Rcd7 38. Re4+ Kd6 39. Ra4 Ra7 40.
Ra5 g5 41. Kg3 h5 42. Rc4 h4+ 43. Kh3 Re5 44. Rca4 Kd5 45. Rxa6 Rxa6 46. Rxa6
Kd4 47. Ra4+ Kc3 48. Rc4+ Kb2 49. b4 cxb4 50. Rxb4+ Kxa2 51. Rg4 Kb2 52. Re4 Rd5
53. g3 hxg3 54. hxg3 Kc3 55. Kg4 Kd3 56. Re8 Kd4 57. Rg8 Ke3 58. Rxg5 Rd4+ 59.
f4 Kf2 60. Ra5 Rd3 61. Ra2+ Ke3 62. f5 Ke4 63. Re2+ Kd5 64. Kf4 Rd1 65. g4 Kd6
66. Kg5 Rg1 67. f6 Ra1 68. Re8 Rf1 69. Kg6 Kd7 70. f7 1-0

[Event "Chess Classic ELO Open 2013"]
[Site "Baden-Baden GER"]
[Date "2013.02.15"]
[Round "9.5"]
[White "Frick, Christoph"]
[Black "Weber, Tom"]
[Result "0-1"]
[BlackTitle "FM"]
[WhiteElo "2250"]
[BlackElo "2380"]
[WhiteFideId "4607090"]
[BlackFideId "4000609"]
[EventDate "2013.02.07"]

1. e4 c5 2. Nc3 Nc6 3. g3 g6 4. Bg2 Bg7 5. d3 d6 6. Nh3 e6 7. O-O Nge7 8. Be3
Rb8 9. Qd2 h6 10. Nf4 b5 11. a3 a5 12. Nfe2 Nd4 13. Nc1 Qb6 14. Nd1 d5 15. c3
Ndc6 16. exd5 Nxd5 17. Re1 Nxe3 18. Nxe3 O-O 19. Ne2 Bb7 20. f4 Rfd8 21. Kh1 Ba6
22. Qc2 Rd6 23. Rad1 Rbd8 24. Nc1 Qc7 25. Bf3 Kh7 26. Qg2 b4 27. Qc2 bxc3 28.
bxc3 Ne7 29. Kg1 Nf5 30. Kf2 Nxe3 31. Rxe3 Rb8 32. Rd2 Rdb6 33. Ne2 Rb3 34. a4
Qd7 35. Qa2 Bxc3 36. Nxc3 Rxc3 37. Qa1 Qd4 38. Qa2 Rxd3 0-1

[Event "Chess Classic ELO Open 2013"]
[Site "Baden-Baden GER"]
[Date "2013.02.15"]
[Round "9.6"]
[White "Buecker, Stefan"]
[Black "Tolhuizen, Ludo"]
[Result "1-0"]
[WhiteTitle "FM"]
[WhiteElo "2342"]
[BlackElo "2154"]
[WhiteFideId "4601424"]
[BlackFideId "1000802"]
[EventDate "2013.02.07"]

1. f4 g6 2. Nf3 Bg7 3. g3 c5 4. Bg2 Nc6 5. d3 d6 6. c3 e6 7. O-O Nge7 8. e4 O-O
9. Na3 e5 10. f5 gxf5 11. Nh4 f4 12. gxf4 Ng6 13. Nxg6 fxg6 14. f5 gxf5 15. exf5
Bxf5 16. Qb3+ d5 17. Qxd5+ Kh8 18. Qxc5 Qxd3 19. Bg5 Be4 20. Qe3 Qxe3+ 21. Bxe3
Bxg2 22. Kxg2 a6 23. Nc4 Rad8 24. Rxf8+ Bxf8 25. Rf1 Kg7 26. Bb6 Rd3 27. Kf2 Be7
28. Rg1+ Kf7 29. Ke2 Rh3 30. Rg2 Ke6 31. Bf2 Bf6 32. Bg3 Ne7 33. Nd2 Rh6 34. Ne4
Kd5 35. Kf3 Nf5 36. Rd2+ Ke6 37. Nc5+ 1-0

[Event "Chess Classic ELO Open 2013"]
[Site "Baden-Baden GER"]
[Date "2013.02.15"]
[Round "9.7"]
[White "Schut, Lisa"]
[Black "Vogel, Jaap"]
[Result "1-0"]
[WhiteTitle "WIM"]
[BlackTitle "FM"]
[WhiteElo "2283"]
[BlackElo "2190"]
[WhiteFideId "1019481"]
[BlackFideId "1000764"]
[EventDate "2013.02.07"]

1. e4 e6 2. d4 d5 3. Nc3 Bb4 4. a3 Bxc3+ 5. bxc3 dxe4 6. Qg4 Nf6 7. Qxg7 Rg8 8.
Qh6 Nbd7 9. Ne2 c5 10. Ng3 Qa5 11. Bd2 cxd4 12. cxd4 Qd5 13. Be2 Rg6 14. Qh4 b6
15. O-O Bb7 16. Be3 Rc8 17. c4 Rxc4 18. Bxc4 Qxc4 19. Nh5 Nd5 20. Nf4 Nxf4 21.
Qxf4 e5 22. dxe5 Qe6 23. Kh1 Rg4 24. Qh6 Qxh6 25. Bxh6 Nxe5 26. Be3 Nd3 27. a4
f5 28. g3 Nc5 29. Rfd1 Rg7 30. Ra2 Rd7 31. Rc1 Bd5 32. Raa1 Nb3 33. Rc8+ Ke7 34.
Rd1 Na5 35. Rh8 Ke6 36. h4 Nc6 37. h5 Ne5 38. Re8+ Kf6 39. Bd4 e3+ 40. Kg1 1-0

[Event "Chess Classic ELO Open 2013"]
[Site "Baden-Baden GER"]
[Date "2013.02.15"]
[Round "9.9"]
[White "Fichter, Fabian"]
[Black "Bohnert, Dominik"]
[Result "1-0"]
[WhiteElo "2071"]
[BlackElo "1938"]
[WhiteFideId "24613258"]
[BlackFideId "12918075"]
[EventDate "2013.02.07"]

1. e4 e5 2. Nf3 Nc6 3. Bb5 a6 4. Bxc6 dxc6 5. h3 h5 6. d3 Qe7 7. Nbd2 f6 8. Nb3
Be6 9. Be3 O-O-O 10. Qe2 g5 11. O-O-O Bxb3 12. axb3 c5 13. Nd2 Qe6 14. Nc4 b5
15. Nd2 Kb7 16. Nb1 Ra8 17. Nc3 Bd6 18. h4 g4 19. f3 gxf3 20. Qxf3 Nh6 21. Bxh6
Rxh6 22. Rdf1 Rg8 23. g3 c6 24. Ne2 Qg4 25. Qxg4 Rxg4 26. Rf5 Kc7 27. Rhf1 Rgg6
28. Kd2 Kb7 29. R5f3 a5 30. Nc3 Bc7 31. Nd1 Kb6 32. Ne3 Kb7 33. Ke2 Kb6 34. Rh1
Kb7 35. g4 hxg4 36. Rg3 Kc8 37. Rxg4 Bd8 38. Rhg1 Rxg4 39. Rxg4 Rh7 40. Nf5 Kd7
41. Rg8 Be7 42. Kf3 Ke6 43. Re8 Kd7 44. Rxe7+ 1-0

[Event "Chess Classic ELO Open 2013"]
[Site "Baden-Baden GER"]
[Date "2013.02.15"]
[Round "9.10"]
[White "Schmid, Wolfgang"]
[Black "Feiler, Juergen"]
[Result "1/2-1/2"]
[WhiteTitle "FM"]
[WhiteElo "2209"]
[BlackElo "2138"]
[WhiteFideId "4608046"]
[BlackFideId "4687507"]
[EventDate "2013.02.07"]

1. e4 c5 2. Nf3 e6 3. c4 Nc6 4. Nc3 a6 5. Be2 Nf6 6. O-O Qc7 7. d4 cxd4 8. Nxd4
Bd6 9. h3 Nxd4 10. Qxd4 h5 11. Qd1 Bc5 12. Be3 Bxe3 13. fxe3 d6 14. Qd4 Bd7 15.
Rad1 Ke7 16. b4 Rhd8 17. Rxf6 gxf6 18. Rf1 Be8 19. Qxf6+ Kd7 20. Bxh5 Qxc4 21.
Rc1 Rac8 22. Bxf7 Rc6 23. Kh2 Bxf7 24. Qxf7+ Kc8 25. Qe7 Rd7 26. Qe8+ Rd8 27.
Qe7 Rd7 1/2-1/2

[Event "Chess Classic ELO Open 2013"]
[Site "Baden-Baden GER"]
[Date "2013.02.15"]
[Round "9.11"]
[White "Berndt, Matthias"]
[Black "Ehmann, Thilo"]
[Result "1-0"]
[WhiteElo "2136"]
[BlackElo "1861"]
[WhiteFideId "4622839"]
[BlackFideId "12940968"]
[EventDate "2013.02.07"]

1. e4 e5 2. Nf3 Nc6 3. d4 exd4 4. Nxd4 Bc5 5. Nb3 Bb6 6. a4 a5 7. Nc3 d6 8. Nd5
Ba7 9. Qh5 Nf6 10. Qe2 Nxd5 11. exd5+ Ne7 12. Bg5 f6 13. Be3 O-O 14. Bxa7 Rxa7
15. Qd2 Ng6 16. Be2 f5 17. f4 Qh4+ 18. g3 Qf6 19. c4 Bd7 20. O-O Ne7 21. Bf3 Rb8
22. Nd4 c5 23. dxc6 bxc6 24. b3 Rb4 25. Qe3 d5 26. Nxc6 Nxc6 27. Bxd5+ Kh8 28.
Bxc6 Bxc6 29. Qxa7 Qb2 30. Qf2 Qxb3 31. Qc5 Qxc4 32. Qxc4 Rxc4 33. Rfc1 1-0

[Event "Chess Classic ELO Open 2013"]
[Site "Baden-Baden GER"]
[Date "2013.02.15"]
[Round "9.13"]
[White "Ditmas, Hugh"]
[Black "Riehle, Marco"]
[Result "0-1"]
[WhiteElo "1996"]
[BlackElo "1851"]
[WhiteFideId "1270666"]
[BlackFideId "12904392"]
[EventDate "2013.02.07"]

1. d4 d5 2. c4 e6 3. Nf3 Nf6 4. Nc3 c5 5. cxd5 Nxd5 6. e4 Nxc3 7. bxc3 cxd4 8.
cxd4 Bb4+ 9. Bd2 Bxd2+ 10. Qxd2 O-O 11. Bc4 Nc6 12. O-O b6 13. Rfe1 Bb7 14. Rad1
Qc7 15. Bd3 Rad8 16. Bb1 Rd7 17. Qe3 Qd8 18. Rd2 Qf6 19. Red1 Rfd8 20. e5 Qe7
21. d5 Rxd5 22. Rxd5 exd5 23. Qd3 g6 24. Re1 d4 25. a3 Rd5 26. e6 fxe6 27. Ba2
Rd6 28. h4 Nd8 29. Ng5 Bd5 30. Bxd5 Rxd5 31. f4 Qf6 32. g3 b5 33. Kg2 Qf5 34.
Ne4 Nb7 35. Rc1 Nd6 36. Nf2 Qxd3 37. Nxd3 Nc4 38. Kf3 Kf7 39. a4 a6 40. Nb4 Rd6
41. axb5 axb5 42. Ke4 h5 43. Nd3 Nd2+ 0-1